| 000 | 00525cam a2200205ua 4500 | ||
|---|---|---|---|
| 020 |
_a81-85031-68-1 _c600.00 |
||
| 041 |
_aeng _h |
||
| 082 |
_a581.1 _bPUR/AG |
||
| 100 | _aPurohit, S S . | ||
| 245 |
_aAgros annual review of plant physiology, Vol 1 / _cS S Purohit. _hTextual Documents |
||
| 250 |
_a1 / _b. |
||
| 260 |
_a : _bAgro botanical publishers , _c1994. |
||
| 300 | _a348 ; . | ||
| 365 | _a600.00 | ||
| 500 | _a*CSS | ||
| 504 | _a | ||
| 700 | 1 | _aSahu, M P . | |
| 942 | _cBK | ||
| 999 |
_c10682 _d10682 |
||